<?xml version="1.0" encoding="UTF-8"?>
<marc:record xmlns:marc="http://www.loc.gov/MARC21/slim">
   <marc:leader>00000nam a2200000 a 4500</marc:leader>
   <marc:datafield ind1="1" ind2=" " tag="100">
      <marc:subfield code="a">Etz, Elisabeth</marc:subfield>
      <marc:subfield code="4">aut</marc:subfield>
      <marc:subfield code="e">Verfasser/-in</marc:subfield>
   </marc:datafield>
   <marc:datafield ind1="0" ind2="0" tag="245">
      <marc:subfield code="a">Ein Baum kommt selten allein</marc:subfield>
   </marc:datafield>
   <marc:datafield ind1="0" ind2="0" tag="245">
      <marc:subfield code="b">Was du schon immer über Bäume wissen wolltest</marc:subfield>
   </marc:datafield>
   <marc:datafield ind1=" " ind2="1" tag="264">
      <marc:subfield code="b">Leykam Verl.</marc:subfield>
      <marc:subfield code="c">2022</marc:subfield>
   </marc:datafield>
   <marc:datafield ind1="1" ind2=" " tag="520">
      <marc:subfield code="a">Worüber sprechen Bäume, wenn sie allein sind? Wer wohnt eigentlich sonst noch in und auf einem Baum? Und was bitte ist ein Wurzeltelefon?

Bäume sind die ältesten Wesen unserer Erde, ohne sie könnten wir nicht leben. Bäume sind Wohnort und Heilquelle, sie geben uns Holz und Nahrung, sie kühlen und beruhigen uns, trotzdem gehen wir nicht gerade behutsam mit ihnen um.</marc:subfield>
   </marc:datafield>
   <marc:datafield ind1=" " ind2=" " tag="020">
      <marc:subfield code="a">9783701182343</marc:subfield>
      <marc:subfield code="9">9783701182343</marc:subfield>
   </marc:datafield>
</marc:record>
